00652nam a2200205 a 4500001001000000003000900010005001700019007001000036008003800046020001500084040002200099082002000121100002800141245007100169260003600240300002800276500007000304650003600374650003600410000012497DO-SdBNP20220307122936.0000012497091113s2006 dr a 001 j spa d z9945160206 aBPMSUbspacBPMSU 4aRD863.44bG934j1 aGuerrero, Celio,d1951-13aEl juez que se volvió loco ...y otros cuentos /cCelio Guerrero. aSanto Domingo :bBúho,c2006. a140 p. :bil. ;c22 cm. aIncluye datos biográficos del autor en la solapa de la cubierta 4aCuentos infantiles dominicanos  4aLiteratura infantil dominicana